[Event "Ceske Budejovice op"]
[Site "Ceske Budejovice"]
[Date "2024.07.06"]
[Round "8"]
[White "Vinesh, Venkata Narayanaswa"]
[Black "Migalko, Dmitriy"]
[Result "1-0"]
[WhiteElo "1636"]
[BlackElo "1856"]
[PlyCount "75"]
[EventDate "2024.06.29"]
[EventType "swiss"]
[EventRounds "9"]
[EventCountry "CZE"]
[SourceTitle "CBM 221 Extra"]
[Source "ChessBase"]
[SourceDate "2024.09.30"]
[SourceVersion "1"]
[SourceVersionDate "2024.09.30"]
[SourceQuality "1"]

1. e4 c5 2. Nf3 e6 3. d4 cxd4 4. Nxd4 Nc6 5. Nc3 Qc7 6. Be3 a6 7. Qd2 Nf6 8. f3 Be7 9. 0-0-0 d6 10. Be2 b5 11. a3 Bb7 12. g4 Rc8 13. Kb1 Ne5 14. h4 Nc4 15. Bxc4 Qxc4 16. Qe2 d5 17. Qxc4 Rxc4 18. g5 Rxc3 19. bxc3 Nd7 20. exd5 Bxd5 21. Rhf1 Bxa3 22. Nb3 0-0 23. f4 Rc8 24. Bd4 g6 25. Rfe1 Bd6 26. Rf1 Ra8 27. Na5 Bc7 28. Nb3 a5 29. Nc5 Nb6 30. Nd3 Nc4 31. Ne5 Bxe5 32. Bxe5 Be4 33. Rfe1 Bf5 34. Rd7 b4 35. Red1 Kf8 36. Rd8+ Rxd8 37. Rxd8+ Ke7 38. Bf6# 1-0

[Event "Bangkok Rooky op"]
[Site "Bangkok"]
[Date "2023.10.22"]
[Round "4"]
[White "Frost, Peter"]
[Black "Vinesh, Venkata Narayanaswa"]
[Result "1-0"]
[WhiteElo "1631"]
[BlackElo "1250"]
[PlyCount "109"]
[EventDate "2023.10.20"]
[EventType "swiss"]
[EventRounds "7"]
[EventCountry "THA"]
[SourceTitle "CBM 216 Extra"]
[Source "ChessBase"]
[SourceDate "2023.11.30"]
[SourceVersion "1"]
[SourceVersionDate "2023.11.30"]
[SourceQuality "1"]

1. d4 Nf6 2. c4 e6 3. Nf3 d5 4. cxd5 exd5 5. Nc3 Bb4 6. Qa4+ Nc6 7. Bg5 h6 8. Bxf6 Qxf6 9. e3 0-0 10. Be2 Qg6 11. 0-0 Bxc3 12. bxc3 Bh3 13. Ne1 Rad8 14. c4 Be6 15. Rc1 Rfe8 16. Qb5 dxc4 17. Qxb7 Bc8 18. Qxc7 Rd7 19. Qg3 Qxg3 20. hxg3 Na5 21. Nf3 Kf8 22. Ne5 Rxe5 23. dxe5 Rd2 24. Bxc4 Nxc4 25. Rxc4 Ba6 26. Rd4 Rxa2 27. Rb1 Ke7 28. Rdd1 Be2 29. Ra1 Rxa1 30. Rxa1 a6 31. f4 Bb5 32. Kf2 Kd7 33. e4 Kc6 34. Rc1+ Kb6 35. Ke3 a5 36. Kd4 a4 37. g4 Ka5 38. Kc3 Bd7 39. f5 g6 40. Kb2 Kb4 41. Rc7 Be8 42. Rb7+ Ka5 43. Ka3 Bc6 44. Rxf7 Bxe4 45. f6 Kb6 46. Re7 Bd5 47. e6 Kc6 48. f7 Kd6 49. f8Q h5 50. Rd7+ Kc6 51. Qc8+ Kb6 52. Qc7+ Ka6 53. Qa7+ Kb5 54. Rxd5+ Kc4 55. Qc5# 1-0

[Event "Wch U12"]
[Site "Batumi"]
[Date "2022.09.26"]
[Round "10"]
[White "Vinesh, Venkata Narayanaswa"]
[Black "Sultan Jabir, Alzarooni"]
[Result "1-0"]
[WhiteElo "1201"]
[BlackElo "1028"]
[PlyCount "46"]
[EventDate "2022.09.16"]
[EventType "swiss"]
[EventRounds "11"]
[EventCountry "GEO"]
[SourceTitle "EXT 2023"]
[Source "ChessBase"]
[SourceDate "2022.10.05"]
[SourceVersion "1"]
[SourceVersionDate "2022.10.05"]
[SourceQuality "1"]

1. e4 e5 2. Nf3 Nc6 3. d4 exd4 4. Bc4 Nf6 5. 0-0 Nxe4 6. Re1 d5 7. Bxd5 Qxd5 8. Nc3 Qh5 9. Nxe4 Be6 10. Neg5 0-0-0 11. Nxe6 fxe6 12. Rxe6 Bd6 13. Bd2 h6 14. h3 Rhe8 15. Rxe8 Rxe8 16. a3 Qb5 17. b4 Be5 18. Nxe5 Qxe5 19. Qg4+ Kb8 20. Re1 Qxe1+ 21. Bxe1 Rxe1+ 22. Kh2 a6 23. Qxg7 Re2 1-0

[Event "Wch U12"]
[Site "Batumi"]
[Date "2022.09.23"]
[Round "7"]
[White "Tolmacevs, Romans"]
[Black "Vinesh, Venkata Narayanaswa"]
[Result "1-0"]
[WhiteElo "1618"]
[BlackElo "1201"]
[PlyCount "77"]
[EventDate "2022.09.16"]
[EventType "swiss"]
[EventRounds "11"]
[EventCountry "GEO"]
[SourceTitle "EXT 2023"]
[Source "ChessBase"]
[SourceDate "2022.10.05"]
[SourceVersion "1"]
[SourceVersionDate "2022.10.05"]
[SourceQuality "1"]

1. e4 c5 2. Nf3 Nc6 3. d4 cxd4 4. Nxd4 g6 5. Nc3 Bg7 6. Be3 Nf6 7. Bc4 0-0 8. f3 a6 9. Bb3 d6 10. Qd2 Bd7 11. 0-0-0 Na5 12. Kb1 Nxb3 13. Nxb3 b5 14. Bh6 b4 15. Nd5 Nxd5 16. Bxg7 Kxg7 17. Qxd5 Be6 18. Qd4+ f6 19. Qxb4 Rb8 20. Qd4 Bxb3 21. axb3 Qc7 22. h4 Rfc8 23. Rd2 Rb5 24. g4 Rc5 25. Rhh2 Qb7 26. g5 R5c6 27. f4 Qb5 28. Rdf2 Kf7 29. gxf6 e5 30. Qe3 R8c7 31. f5 d5 32. Qh6 dxe4 33. fxg6+ hxg6 34. Qg7+ Ke6 35. Qxg6 e3 36. f7+ Kd5 37. Qg2+ e4 38. f8Q exf2 39. Qgxf2 1-0

[Event "Wch U12"]
[Site "Batumi"]
[Date "2022.09.17"]
[Round "2"]
[White "Vinesh, Venkata Narayanaswa"]
[Black "Ahmad, Khagan"]
[Result "0-1"]
[WhiteElo "1201"]
[BlackElo "2196"]
[PlyCount "72"]
[EventDate "2022.09.16"]
[EventType "swiss"]
[EventRounds "11"]
[EventCountry "GEO"]
[SourceTitle "EXT 2023"]
[Source "ChessBase"]
[SourceDate "2022.10.05"]
[SourceVersion "1"]
[SourceVersionDate "2022.10.05"]
[SourceQuality "1"]

1. e4 c5 2. Nf3 Nc6 3. d4 cxd4 4. Nxd4 Nf6 5. Nc3 e5 6. Nf3 Bb4 7. Bd3 d5 8. exd5 Qxd5 9. Be2 Qxd1+ 10. Bxd1 Bf5 11. Bd2 0-0-0 12. a3 Bxc3 13. Bxc3 Ne4 14. Bb4 a5 15. Bc3 Rhe8 16. 0-0 Nxc3 17. bxc3 e4 18. Nh4 Be6 19. g3 Rd2 20. Ng2 f5 21. h4 g6 22. Re1 Red8 23. Rb1 Ne5 24. Ne3 Bc4 25. Kg2 Kc7 26. Rc1 Ba6 27. h5 Nc4 28. Nxc4 Bxc4 29. hxg6 hxg6 30. g4 e3 31. Kf3 exf2 32. Re7+ Kd6 33. Be2 fxg4+ 34. Kxg4 Bxe2+ 35. Rxe2 Rxe2 36. Kf3 Re1 0-1

[Event "Eastern Asia-ch U12"]
[Site "Tornelo INT"]
[Date "2021.10.29"]
[Round "3"]
[White "Vinesh, Venkata Narayanaswa"]
[Black "Soong, Yao Wei Xavier"]
[Result "1/2-1/2"]
[WhiteElo "1130"]
[BlackElo "1003"]
[PlyCount "138"]
[EventDate "2021.10.29"]
[EventType "swiss"]
[EventRounds "9"]
[EventCountry "NET"]
[SourceTitle "EXT 2023"]
[Source "ChessBase"]
[SourceDate "2022.10.05"]
[SourceVersion "1"]
[SourceVersionDate "2022.10.05"]
[SourceQuality "1"]

1. e4 d6 2. d4 c6 3. Nf3 Qc7 4. Nc3 Bg4 5. Be2 Nd7 6. h3 Bh5 7. 0-0 e5 8. d5 Ngf6 9. Bg5 h6 10. Bh4 Be7 11. Re1 Bg6 12. Bxf6 Nxf6 13. dxc6 bxc6 14. Nd2 Rb8 15. Rb1 0-0 16. f3 Qb6+ 17. Kh1 Nh5 18. g4 Nf4 19. Rf1 Nxh3 20. Kg2 Nf4+ 21. Kh1 Bh4 22. Kh2 Qc7 23. Bd3 d5 24. Ne2 Nxd3 25. cxd3 dxe4 26. dxe4 Rfd8 27. Qc2 Bg5 28. Nb3 Rd7 29. Nc5 Rd2 30. Qc4 Qd6 31. Nb3 Rd3 32. Nc5 Re3 33. Nc3 Qd2+ 34. Kg1 Rxb2 35. Rxb2 Qxb2 36. Nd1 Qe2 37. Qxe2 Rxe2 38. Nd7 f6 39. Rf2 Rxf2 40. Kxf2 Bh4+ 41. Ke2 Be8 42. Nc5 h5 43. gxh5 Bxh5 44. Nc3 g5 45. Nd7 g4 46. Nc5 gxf3+ 47. Kf1 Kf7 48. N3a4 f2 49. Nd3 Kg6 50. Nxf2 Bxf2 51. Kxf2 Bd1 52. Nc3 Bc2 53. Ke3 Kg5 54. a3 Bb3 55. Kf3 a5 56. Ke3 Kg4 57. Ne2 c5 58. Nc3 Kg3 59. Ne2+ Kg4 60. Nc3 f5 61. exf5 Kxf5 62. Ne2 c4 63. Nc3 a4 64. Ne4 Bc2 65. Nc3 e4 66. Nd5 Ke5 67. Nc3 Kf5 68. Nd5 Kg4 69. Nc3 Kf5 1/2-1/2

[Event "Kaspersky op U16"]
[Site "Tornelo INT"]
[Date "2021.04.02"]
[Round "11"]
[White "Vinesh, Venkata Narayanaswa"]
[Black "Vargas Arguedas, Caleb"]
[Result "0-1"]
[WhiteElo "1047"]
[BlackElo "1093"]
[PlyCount "72"]
[EventDate "2021.04.02"]
[EventType "swiss (blitz)"]
[EventRounds "11"]
[EventCountry "RUS"]
[SourceTitle "CBM 201 Extra"]
[Source "ChessBase"]
[SourceDate "2021.05.31"]
[SourceVersion "1"]
[SourceVersionDate "2021.05.31"]
[SourceQuality "1"]

1. e4 c5 2. Nf3 d6 3. d4 cxd4 4. Nxd4 Nf6 5. Nc3 g6 6. Be3 Bg7 7. f3 Nc6 8. Nxc6 bxc6 9. Qd2 0-0 10. 0-0-0 Bb7 11. Bd3 d5 12. exd5 cxd5 13. Be2 e6 14. h4 h5 15. Bh6 Qb6 16. Be3 Qc7 17. Rhg1 Rfd8 18. Nb5 Qd7 19. Bd4 Ba6 20. Bxf6 Bxf6 21. Nc3 Bxe2 22. Qxe2 Rdc8 23. Qe1 Rab8 24. Rd3 Qb7 25. b3 Qb4 26. Na4 Qa3+ 27. Kb1 Qxa4 28. Kc1 Qa3+ 29. Kd1 Qxa2 30. Qe2 Qb1+ 31. Kd2 Rxc2+ 32. Ke3 Rxe2+ 33. Kxe2 Qxg1 34. Kd2 Qxg2+ 35. Kc1 Rc8+ 36. Kb1 Qc2# 0-1